Open Data Biblioteca Nacional de Portugal


República Portuguesa: Ministério da Cultura
Biblioteca Nacional de Portugal

Catálogo da BNP: acesso por Identificadores Unívocos
Registos Bibliográficos associados ao registo de autoridade

Etiqueta de registo: 00893cas 2200313 450
001 1060290
003 http://id.bnportugal.gov.pt/bib/catbnp/1060290
005 20030514110400.0
011 ## $a1645-0752$f1645-0752
021 ## $aPT$b161842/01
100 ## $a20011206a20019999m y1pory0103 ba
101 0# $apor
102 ## $aPT
106 ## $ar
110 ## $aayyzz 0xx0
200 1# $aRevista da Universidade Moderna do Porto$fdir. Fernando A. Pereira Pinto
207 #0 $aNº 1 (Mar. 2001)-
210 #9 $aPorto$cUniversidade Moderna do Porto,$d2001-
215 ## $d24 cm
326 ## $aPeriodicidade irregular
530 0# $aRevista da Universidade Moderna do Porto
620 ## $dPorto
675 ## $a378.4(469.121)(05)$vBN$zpor$3393860
702 #1 $aPinto,$bFernando António Pereira$4300$3938527
712 02 $aUniversidade Moderna do Porto$4650$31019422
802 ## $a18
966 ## $lBN$mFGREV$sP.P. 25737 V.$x1

Etiqueta de registo: 00254nls 2200025 450
001 1905255
003 http://id.bnportugal.gov.pt/bib/catbnp/1905255
011 ## $a2183-5810$f2183-5810
100 ## $a20150709a20159999m y0pory01030103ba
101 0# $apor
102 ## $aPT
106 ## $as
110 ## $aajazz 0uu0
135 ## $avrcu ---uuuuu
200 1# $aDL$bRecurso eletrónico]$erevista online do curso de Design de Comunicação da ULP$fed. Ana Sofia Bastos, Carla Cadete
207 #0 $aNº 1 (jun. 2015)-
210 #9 $aPorto$cUniversidade Lusófona do Porto,$d2015-
230 ## $aRecurso em linha
303 ## $aDescrição baseada na data de consulta de: 9 julho 2015
304 ## $aTít. do ecrã de apresentação
326 ## $aSemestral
336 ## $aDados textuais e imagens
337 ## $aModo de acesso: World Wide Web
530 1# $aDL$b(Universidade Lusófona do Porto)
532 10 $aDesign Lusófona
620 ## $dPorto
675 ## $a7.05(05)(0.034)$vBN$zpor$31616303
702 #1 $92$aBastos,$bAna Sofia$4340$31614680
702 #1 $92$aCadete,$bCarla$4340$31614681
712 02 $aUniversidade Moderna do Porto$4650$31019422
801 #0 $aPT$bBN$gRPC
802 ## $a18
856 40 $uhttp://revistas.ulusofona.pt/index.php/revistacursodesign/index
995 ## $aR-ISSN $d20150709$issilva

OpendataBNP@bnportugal.pt | Mais informação sobre acesso aos dados BNP